Modern filter theory and design /
Guardado en:
| Otros Autores: | , |
|---|---|
| Formato: | Libro |
| Idioma: | English |
| Publicado: |
New York :
Wiley,
c1973.
|
| Materias: | |
| Etiquetas: |
Agregar Etiqueta
Sin Etiquetas, Sea el primero en etiquetar este registro!
|
| LEADER | 00901pam a22002535a 4500 | ||
|---|---|---|---|
| 001 | EIQ.libpla001219 | ||
| 008 | 730508s1973####nyua#####b####001#0#eng#d | ||
| 005 | 20060822184106.0 | ||
| 245 | 0 | 0 | |a Modern filter theory and design / |c editors Gabor C. Temes and Sanjit K. Mitra. |
| 260 | |a New York : |b Wiley, |c c1973. | ||
| 300 | |a xv, 566 p. : |b il. ; |c 23 cm. | ||
| 500 | |a "A Wiley-Interscience publication." | ||
| 504 | |a Incluye referencias bibliográficas e índice. | ||
| 020 | |a 0471851302 | ||
| 700 | 1 | |a Temes, Gabor C., |d 1929-, |e ed. |4 edt | |
| 700 | 1 | |a Mitra, Sanjit K. |q (Sanjit Kumar), |e ed. |4 edt | |
| 082 | 0 | 0 | |a 621.3815/32 |
| 650 | 4 | |a Filtros eléctricos |x Teoría. | |
| 650 | 4 | |a Filtros eléctricos |x Diseño. | |
| 650 | 4 | |a Electric filters |x Theory. | |
| 650 | 4 | |a Electric filters |x Design. | |
| 010 | |a 73007905 | ||
| 040 | |a DLC |c DLC |d AR-BbSID | ||
| 859 | |a AR-BbSID |b BIB. PLAPIQUI |h 621.381 |i M 72 |p 1344 | ||
